Statistics for The 12 times table in 15 seconds

Click here to take the quiz!

General Stats

  • This quiz has been taken 79 times
  • The average score is 9 of 12

Answer Stats

HintAnswer% Correct
12×112
100%
12×224
97%
12×448
97%
12×336
95%
12×560
89%
12×784
81%
12×672
78%
12×896
76%
12×9108
49%
12×12144
43%
12×10120
41%
12×11132
41%

Score Distribution

Percentile by Number Answered

Percent of People with Each Score

Your Score History

You have not taken this quiz